| 000 | 00390nam a22001457a 4500 | ||
|---|---|---|---|
| 003 | macl | ||
| 005 | 20181104162856.0 | ||
| 008 | 181104b xxu||||| |||| 00| 0 eng d | ||
| 040 | _cmacl | ||
| 100 |
_aM Laxmikanth _972340 |
||
| 245 | _aGovernance in India for Civil Services Examinations | ||
| 260 |
_aChenni _bMcGrawHill _c2018 |
||
| 650 |
_a Indian Governance _973160 |
||
| 942 |
_2ddc _cBK |
||
| 999 |
_c58543 _d58543 |
||